Aid as obstacle (Бичлэгийн дугаар. 145149)
| 000 -УДИРДЛАГА | |
|---|---|
| Удирдлага | 01058nam a22003017a 4500 |
| 003 - ХЯНАЛТЫН ТОО ТОДОРХОЙЛОГЧ | |
| Код | MN-UlNUM |
| 005 - БИЧИЛТ ХИЙСЭН ОГНОО | |
| Тухайн бичилтийг бичсэн засварласан сүүлийн огноо | 20251030150146.0 |
| 008 - ЕРӨНХИЙ МЭДЭЭЛЭЛ | |
| Ерөнхий мэдээлэл | 251030s1980 caua b 000 0 eng |
| 020 ## - ISBN | |
| ISBN | 0935028072 |
| 040 ## - БИЧЛЭГ ҮҮСГЭГЧ БАЙГУУЛЛАГА | |
| Бичлэг үүсгэгч номын сангийн код | МУИС-ийн номын сан |
| 084 ## - ББК АНГИЛАЛ | |
| Нэмэлт тусгалт | Гарын авлага |
| ББК ангилал | 65.053 |
| Зохиогчийн гурван тэмдэгт | L 29 |
| Мэдлэгийн ялгаа | 65 - Эдийн засаг |
| 100 ## - ЗОХИОГЧ | |
| Зохиогчийн нэр | Lappé, Frances Moore |
| 245 ## - ҮНДСЭН ГАРЧИГ | |
| Номын нэр | Aid as obstacle |
| Бага гарчгийн мэдээ | Twenty questions about our foreign aid and the hungry |
| Оролцогчдын тухай мэдээ | Frances Moore Lappé, Joseph Collins, David Kinley |
| 260 ## - ГАРАЛТЫН МЭДЭЭ | |
| Хэвлэгдсэн газар | San Francisco : |
| Хэвлэлийн газар | Institute for Food and Development Policy, |
| Хэвлэгдсэн он | c1980 |
| 300 ## - МАТЕРИАЛЫН ТОДОРХОЙЛОЛТ | |
| хуудасны тоо | 197 p. : |
| Бусад тоон мэдээлэл | ill. ; |
| Хэмжээ | 21 cm |
| 500 ## - Тайлбар | |
| Дансны дугаар | БС 5614 |
| 546 ## - ХЭЛНИЙ ТУХАЙ МЭДЭЭ | |
| Хэл | Англи хэл дээр, |
| 653 ## - Түлхүүр үг | |
| Түлхүүр үг | economic assistance, American |
| 653 ## - Түлхүүр үг | |
| Түлхүүр үг | technical assistance |
| 653 ## - Түлхүүр үг | |
| Түлхүүр үг | food relief |
| 700 1# - ХАМ ЗОХИОГЧИД | |
| Ба бус | Collins, Joseph |
| Dates associated with a name | 1945- |
| Relator term | joint author |
| 700 1# - ХАМ ЗОХИОГЧИД | |
| Ба бус | Kinley, David |
| Relator term | joint author |
| 740 ## - НОМЫН ГАРЧИГ | |
| Гарчиг | Twenty questions about our foreign aid and the hungry |
| 740 ## - НОМЫН ГАРЧИГ | |
| Гарчиг | A primer: Some essential facts about the aid establishment |
| 942 ## - ЭЛЕМЕНТИЙН ТӨРӨЛ | |
| Зүйлийн төрөл | Ном |
